| 000 | 01411cam a2200313 a 4500 | ||
|---|---|---|---|
| 001 | 1655637 | ||
| 003 | NUST-PNEC | ||
| 005 | 20170116180710.0 | ||
| 008 | 971124s1998 nyua b 001 0 eng | ||
| 010 | _a 97047344 | ||
| 020 | _a007061623X | ||
| 040 | _cPNEC | ||
| 050 | 0 | 0 |
_aTP492 _b.S788 1998 |
| 082 | 0 | 0 |
_a621.56 STO _221 |
| 100 | 1 |
_aStoecker, W. F. _q(Wilbert F.), _d1925- |
|
| 245 | 1 | 0 |
_aIndustrial refrigeration handbook / _cWilbert F. Stoecker. |
| 260 |
_aNew York : _bMcGraw-Hill, _cc1998. |
||
| 300 |
_axvii, 782 p. : _bill. ; _c24 cm. |
||
| 500 | _aIncludes Index http://www.amazon.com/Industrial-Refrigeration-Handbook-Wilbert-Stoecker/dp/007061623X/ref=sr_1_1?s=books&ie=UTF8&qid=1412306803&sr=1-1&keywords=007061623x | ||
| 504 | _aIncludes bibliographical references and index. | ||
| 650 | 0 |
_aRefrigeration and refrigerating machinery. _xME |
|
| 700 | 1 |
_aStoecker, W. F. _q(Wilbert F.), _d1925- _tIndustrial refrigeration. |
|
| 856 | 4 | 2 |
_3Contributor biographical information _uhttp://www.loc.gov/catdir/bios/mh041/97047344.html |
| 856 | 4 | 2 |
_3Publisher description _uhttp://www.loc.gov/catdir/description/mh023/97047344.html |
| 856 | 4 | 1 |
_3Table of contents _uhttp://www.loc.gov/catdir/toc/mh022/97047344.html |
| 906 |
_a7 _bcbc _corignew _d1 _eocip _f19 _gy-gencatlg |
||
| 942 |
_2ddc _cBK |
||
| 999 |
_c60916 _d60916 |
||